UM Logo

Study guide to accompany: (Record no. 7589)

MARC details
000 -LEADER
fixed length control field 00490nam a2200157 4500
008 - FIXED-LENGTH DATA ELEMENTS--GENERAL INFORMATION
fixed length control field 171003b xxu||||| |||| 00| 0 eng d
020 ## - INTERNATIONAL STANDARD BOOK NUMBER
International Standard Book Number 0-471-14604-8
082 ## - DEWEY DECIMAL CLASSIFICATION NUMBER
Edition number 1996
Classification number DC 530.076
Item number B44
100 ## - MAIN ENTRY--PERSONAL NAME
9 (RLIN) 22934
Personal name Benson, Harris
245 ## - TITLE STATEMENT
Title Study guide to accompany:
Remainder of title University physics/
Statement of responsibility, etc. Harris Benson
250 ## - EDITION STATEMENT
Edition statement Revised Edition
260 ## - PUBLICATION, DISTRIBUTION, ETC. (IMPRINT)
Place of publication, distribution, etc. New York:
Name of publisher, distributor, etc. John Wiley & Sons, Inc.,
Date of publication, distribution, etc. ©1996.
300 ## - PHYSICAL DESCRIPTION
Extent 404 pages:
Other physical details illustrations;
Dimensions 25 cm.
650 #0 - SUBJECT ADDED ENTRY--TOPICAL TERM
9 (RLIN) 22935
Topical term or geographic name as entry element Physics
942 ## - ADDED ENTRY ELEMENTS (KOHA)
Source of classification or shelving scheme Dewey Decimal Classification
Koha item type Circulation
Holdings
Withdrawn status Lost status Source of classification or shelving scheme Damaged status Not for loan Collection code Home library Current library Date acquired Source of acquisition Total Checkouts Full call number Barcode Date last seen Copy number Price effective from Koha item type
    Dewey Decimal Classification     Circulation UM Digos College - LIC UM Digos College - LIC   Purchased   DC 530.076 B44 1996 12135 05/15/2025 1 10/03/2017 Circulation